Arab media moguls / (Record no. 21827)
[ view plain ]
| 000 -LEADER | |
|---|---|
| fixed length control field | 01098cam a22003015a 4500 |
| 001 - CONTROL NUMBER | |
| control field | 11571025 |
| 005 - DATE AND TIME OF LATEST TRANSACTION | |
| control field | 20161213105839.0 |
| 008 - FIXED-LENGTH DATA ELEMENTS--GENERAL INFORMATION | |
| fixed length control field | 150407s2015 enk frb 001 0 eng d |
| 020 ## - INTERNATIONAL STANDARD BOOK NUMBER | |
| International Standard Book Number | 9781780767321 |
| 040 ## - CATALOGING SOURCE | |
| Original cataloging agency | YDXCP |
| Language of cataloging | eng |
| Transcribing agency | YDXCP |
| Modifying agency | BDX |
| -- | CDX |
| -- | OCLCO |
| -- | OCLCF |
| -- | OCLCO |
| -- | NGU |
| -- | OCLCO |
| -- | NUI |
| -- | OCLCO |
| -- | NUI |
| -- | EG-ScBUE |
| 043 ## - GEOGRAPHIC AREA CODE | |
| Geographic area code | ma----- |
| 082 04 - DEWEY DECIMAL CLASSIFICATION NUMBER | |
| Edition number | 22 |
| Classification number | 302.2309174927 |
| Item number | ARA |
| 245 00 - TITLE STATEMENT | |
| Title | Arab media moguls / |
| Statement of responsibility, etc | edited by Donatella Della Ratta, Naomi Sakr and Jakob Skovgaard-Petersen. |
| 260 ## - PUBLICATION, DISTRIBUTION, ETC. (IMPRINT) | |
| Place of publication, distribution, etc | London ; |
| -- | New York : |
| Name of publisher, distributor, etc | I. B. Tauris, |
| Date of publication, distribution, etc | 2015. |
| 300 ## - PHYSICAL DESCRIPTION | |
| Extent | xiii, 233 p. ; |
| Dimensions | 22 cm. |
| 490 0# - Series Statement | |
| Series statement | Library of modern Middle East studies ; |
| Volume/sequential designation | 148. |
| 500 ## - GENERAL NOTE | |
| General note | Index : p.[229]-233. |
| 504 ## - BIBLIOGRAPHY, ETC. NOTE | |
| Bibliography, etc | Bibliography : p. [223]- 228. |
| 650 #0 - SUBJECT ADDED ENTRY--TOPICAL TERM | |
| Topical term or geographic name as entry element | Mass media |
| Geographic subdivision | Arab countries |
| Form subdivision | Biography. |
| Source of heading or term | BUEsh |
| 650 #0 - SUBJECT ADDED ENTRY--TOPICAL TERM | |
| Topical term or geographic name as entry element | Executives |
| Geographic subdivision | Arab countries |
| Form subdivision | Biography. |
| Source of heading or term | BUEsh |
| 651 ## - SUBJECT ADDED ENTRY--GEOGRAPHIC NAME | |
| Source of heading or term | BUEsh |
| 653 ## - INDEX TERM--UNCONTROLLED | |
| Resource For college | BAEPS, Political Science |
| Arrived date list | May2016 |
| 653 ## - INDEX TERM--UNCONTROLLED | |
| Resource For college | Communication and mass media |
| Arrived date list | December2016 |
| 700 1# - ADDED ENTRY--PERSONAL NAME | |
| Personal name | Della Ratta, Donatella, |
| Dates associated with a name | 1973- |
| Relator term | editor. |
| 700 1# - ADDED ENTRY--PERSONAL NAME | |
| Personal name | Sakr, Naomi, |
| Relator term | editor. |
| 9 (RLIN) | 38471 |
| 700 1# - ADDED ENTRY--PERSONAL NAME | |
| Personal name | Skovgaard-Petersen, Jakob, |
| Relator term | editor. |
| 942 ## - ADDED ENTRY ELEMENTS (KOHA) | |
| Source of classification or shelving scheme | Dewey Decimal Classification |
| Withdrawn status | Item status | Source of classification or shelving scheme | Damaged status | Not for loan | Vendor | Home library | Current library | Shelving location | Date acquired | Source of acquisition | Cost, normal purchase price | Total Checkouts | Full call number | Barcode | Date last seen | Cost, replacement price | Koha item type |
|---|---|---|---|---|---|---|---|---|---|---|---|---|---|---|---|---|---|
| Dewey Decimal Classification | Alahram | Central Library | Central Library | First floor | 31/05/2016 | Purchase | 189.00 | 302.2309174927 ARA | 000032608 | 15/07/2025 | 236.25 | Book - Borrowing | |||||
| Dewey Decimal Classification | Alahram | Central Library | Central Library | First floor | 13/12/2016 | Purchase | 189.00 | 302.2309174927 ARA | 000040376 | 15/07/2025 | 236.25 | Book - Borrowing |